Datum a čas kvízu
30
Celkem bodů
Celkový počet nahraných bodů na tomto kvízu bez doplňovacích otázek.
7.
Pořadí na kvízu
Konečné umístění týmu na tomto kvízu.
Zaznamenané odpovědi
| # | Otázka | Odpověď | Body | Výsledky |
|---|---|---|---|---|
| 1. | V noci na pátek se v pražské z... | gorila | 0 | |
| 2. | Překvapení minulý týden neskrý... | policie | 1 | |
| 3. | Pořadatelé filmového festivalu... | George Lucas | 1 | |
| 4. | Minulý týden oznámila italská... | Silvio Berlusconi | 1 | |
| 5. | Který německý fotbalový klub s... | Bayer Leverkusen | 1 | |
| 6. | V pěti otázkách tohoto tématu... | kámen | 0 | |
| 7. | Jaká je denní dávka kuchyňské... | B | 1 | |
| 8. | Tato sůl získala své růžové zb... | himálajská | 0 | |
| 9. | Nejen lidé, ale i zvířata potř... | liz | 1 | |
| 10. | Jeden z nejznámějších a nejsta... | D) Wieliczka | 1 |